00281nam a2200121Ia 45000030006000000080041000060400015000471000017000622450025000792600026001045460012001300050017001420STCL150530s9999 xx 000 0 und d aSTCLcSTCL aTom Stoppard aTom stoppard jumpers bFaber and Faberc1985 aEnglish20220125171009.0